[Event "Titled Tuesday intern op 01st Apr Late"]
[Site "Chess.com INT"]
[Date "2025.04.01"]
[Round "6"]
[White "Sitnic, Adnan"]
[Black "Sukandar, Irine Kharisma"]
[Result "0-1"]
[WhiteElo "2105"]
[BlackElo "2330"]
[PlyCount "62"]
[EventDate "2025.04.01"]
[EventType "swiss (blitz)"]
[EventRounds "11"]
[EventCountry "USA"]
[SourceTitle "CB21_2025"]
[SourceDate "2025.05.21"]
[SourceVersion "1"]
[SourceVersionDate "2025.05.21"]
[SourceQuality "1"]

1. e4 e5 2. Nf3 d6 3. Bc4 Be7 4. d3 Nf6 5. c3 c6 6. h3 0-0 7. 0-0 b5 8. Bb3 a5 9. a4 b4 10. Bg5 Be6 11. Nbd2 Na6 12. Bxe6 fxe6 13. d4 bxc3 14. bxc3 exd4 15. cxd4 Nb4 16. e5 dxe5 17. dxe5 Nfd5 18. Bxe7 Qxe7 19. Ne4 Rf4 20. Nfg5 h6 21. Qh5 Rf5 22. g4 Nf4 23. Nf6+ Rxf6 24. exf6 Qxf6 25. Qf7+ Qxf7 26. Nxf7 Kxf7 27. Kh2 Rd8 28. Rac1 Rd3 29. f3 Rd2+ 30. Kg3 g5 31. h4 Rg2# 0-1

[Event "Titled Tuesday intern op 01st Apr Late"]
[Site "Chess.com INT"]
[Date "2025.04.01"]
[Round "7"]
[White "Sukandar, Irine Kharisma"]
[Black "Khalafvand, Dorsa Sadat"]
[Result "0-1"]
[WhiteElo "2330"]
[BlackElo "1985"]
[PlyCount "82"]
[EventDate "2025.04.01"]
[EventType "swiss (blitz)"]
[EventRounds "11"]
[EventCountry "USA"]
[SourceTitle "CB21_2025"]
[SourceDate "2025.05.21"]
[SourceVersion "1"]
[SourceVersionDate "2025.05.21"]
[SourceQuality "1"]

1. d4 d5 2. Bf4 c5 3. e3 Nc6 4. Nc3 cxd4 5. exd4 Bf5 6. Nf3 e6 7. Ne5 Bd6 8. Bb5 Bxe5 9. Bxe5 f6 10. Bg3 Nge7 11. 0-0 Kf7 12. Re1 h5 13. h3 h4 14. Bh2 Qb6 15. Bd3 Nxd4 16. Bxf5 Ndxf5 17. Qe2 Nd4 18. Qd2 Nef5 19. Rad1 Rac8 20. Rb1 Qd8 21. Qd3 Qd7 22. Red1 b5 23. Rd2 b4 24. Nd1 Qb5 25. c3 Qxd3 26. Rxd3 bxc3 27. bxc3 Nc6 28. Rb7+ Kg6 29. Ne3 Nxe3 30. Rxe3 Rhd8 31. Rxe6 d4 32. Re4 d3 33. Rg4+ Kf5 34. Rgxg7 d2 35. g4+ hxg3 36. Bxg3 d1Q+ 37. Kh2 Ne5 38. Rbe7 Re8 39. Rxa7 Qf1 40. Ra5 Ke4 41. h4 Nf3# 0-1

[Event "Titled Tuesday intern op 18th Mar Late"]
[Site "Chess.com INT"]
[Date "2025.03.18"]
[Round "6"]
[White "Gelman, Alexander"]
[Black "Sukandar, Irine Kharisma"]
[Result "1-0"]
[WhiteElo "2403"]
[BlackElo "2330"]
[PlyCount "57"]
[EventDate "2025.03.18"]
[EventType "swiss (blitz)"]
[EventRounds "11"]
[EventCountry "USA"]
[SourceTitle "CB13_2025"]
[SourceDate "2025.03.26"]
[SourceVersion "1"]
[SourceVersionDate "2025.03.26"]
[SourceQuality "1"]

1. d4 d5 2. Nc3 Nf6 3. Bf4 g6 4. e3 Bg7 5. Qd2 0-0 6. f3 c6 7. g4 Re8 8. 0-0-0 b5 9. h4 h5 10. gxh5 Nxh5 11. Be5 f6 12. Bh2 e5 13. Bd3 f5 14. Qg2 exd4 15. exd4 b4 16. Nce2 c5 17. Qxg6 c4 18. Bxf5 Bxf5 19. Qxf5 Nc6 20. Qxh5 Qa5 21. Kb1 b3 22. cxb3 cxb3 23. a3 Nxd4 24. Nxd4 Re1 25. Nge2 Rxh1 26. Rxh1 Qd2 27. Qxd5+ Kh8 28. Qxa8+ Kh7 29. Qe4+ 1-0

[Event "Titled Tuesday intern op 18th Mar Late"]
[Site "Chess.com INT"]
[Date "2025.03.18"]
[Round "11"]
[White "Sukandar, Irine Kharisma"]
[Black "Sooraj, Menothuparam Raju"]
[Result "1-0"]
[WhiteElo "2330"]
[BlackElo "2154"]
[PlyCount "45"]
[EventDate "2025.03.18"]
[EventType "swiss (blitz)"]
[EventRounds "11"]
[EventCountry "USA"]
[SourceTitle "CB13_2025"]
[SourceDate "2025.03.26"]
[SourceVersion "1"]
[SourceVersionDate "2025.03.26"]
[SourceQuality "1"]

1. d4 f5 2. e4 fxe4 3. Nc3 Nf6 4. f3 d5 5. Bg5 c6 6. Bxf6 exf6 7. fxe4 Qa5 8. exd5 Ba3 9. bxa3 Qxc3+ 10. Kf2 0-0 11. dxc6 Nxc6 12. Nf3 Bg4 13. Qd2 Qxa1 14. Bc4+ Kh8 15. Rxa1 Rad8 16. c3 Bxf3 17. gxf3 Ne5 18. Qe2 Ng6 19. Qe4 Rc8 20. Bb3 Rxc3 21. Rg1 f5 22. Qxb7 Nf4 23. Qxg7# 1-0

[Event "Titled Tuesday intern op 11th Mar Late"]
[Site "Chess.com INT"]
[Date "2025.03.11"]
[Round "5"]
[White "Rupesh, Reddy Y"]
[Black "Sukandar, Irine Kharisma"]
[Result "1-0"]
[WhiteElo "2012"]
[BlackElo "2330"]
[PlyCount "41"]
[EventDate "2025.03.11"]
[EventType "swiss (blitz)"]
[EventRounds "11"]
[EventCountry "USA"]
[SourceTitle "CB12_2025"]
[SourceDate "2025.03.19"]
[SourceVersion "1"]
[SourceVersionDate "2025.03.19"]
[SourceQuality "1"]

1. g3 c5 2. Bg2 Nc6 3. c3 b6 4. Nf3 Bb7 5. 0-0 Nf6 6. d3 d5 7. Re1 e5 8. Bg5 Be7 9. Bxf6 Bxf6 10. Nbd2 0-0 11. e4 dxe4 12. Nxe4 Be7 13. Ned2 Qc7 14. Qe2 Rae8 15. Nf1 Bd6 16. Ne3 Nd8 17. Nf5 Qb8 18. Ng5 Bxg2 19. Qh5 h6 20. Nxh6+ gxh6 21. Qxh6 1-0

[Event "Titled Tuesday intern op 11th Mar Late"]
[Site "Chess.com INT"]
[Date "2025.03.11"]
[Round "9"]
[White "Sukandar, Irine Kharisma"]
[Black "Ermolaev, Evgeny"]
[Result "1-0"]
[WhiteElo "2330"]
[BlackElo "2282"]
[PlyCount "93"]
[EventDate "2025.03.11"]
[EventType "swiss (blitz)"]
[EventRounds "11"]
[EventCountry "USA"]
[SourceTitle "CB12_2025"]
[SourceDate "2025.03.19"]
[SourceVersion "1"]
[SourceVersionDate "2025.03.19"]
[SourceQuality "1"]

1. d4 Nf6 2. Nf3 g6 3. b3 Bg7 4. Bb2 0-0 5. g3 d5 6. Bg2 c6 7. 0-0 a5 8. c4 a4 9. Ne5 Bf5 10. Re1 Nbd7 11. Nc3 a3 12. Bc1 Ne4 13. Nxe4 dxe4 14. Bf4 Nxe5 15. Bxe5 Bxe5 16. dxe5 Qxd1 17. Raxd1 Rfd8 18. h3 h5 19. e3 Kf8 20. Rd4 c5 21. Rd5 b6 22. Red1 Ke8 23. R1d2 Rxd5 24. cxd5 b5 25. Bf1 b4 26. Bb5+ Bd7 27. Bf1 Rd8 28. Rc2 Rc8 29. Kh2 Kd8 30. Be2 Rc7 31. g4 hxg4 32. hxg4 Bc8 33. Kg3 Bb7 34. Bc4 Rd7 35. Rd2 e6 36. d6 Bc6 37. Kf4 Rb7 38. Rd1 Bb5 39. Rc1 Bc6 40. Rh1 Bd5 41. Rc1 Kd7 42. Bxd5 exd5 43. Rxc5 Ke6 44. g5 Rb8 45. Rc7 d4 46. exd4 Kd5 47. d7 1-0

[Event "Titled Tuesday intern op 11th Mar Late"]
[Site "Chess.com INT"]
[Date "2025.03.11"]
[Round "4"]
[White "Sukandar, Irine Kharisma"]
[Black "Guha, Rohit"]
[Result "1/2-1/2"]
[WhiteElo "2330"]
[BlackElo "2155"]
[PlyCount "95"]
[EventDate "2025.03.11"]
[EventType "swiss (blitz)"]
[EventRounds "11"]
[EventCountry "USA"]
[SourceTitle "CB12_2025"]
[SourceDate "2025.03.19"]
[SourceVersion "1"]
[SourceVersionDate "2025.03.19"]
[SourceQuality "1"]

1. d4 Nf6 2. Nf3 b6 3. g3 Bb7 4. Bg2 g6 5. c4 Bg7 6. Nc3 0-0 7. 0-0 e6 8. b3 a5 9. Bb2 Na6 10. Re1 Ne4 11. a3 d6 12. Qc2 Nxc3 13. Bxc3 Qe7 14. e4 e5 15. Qb2 exd4 16. Bxd4 Bxd4 17. Nxd4 Nc5 18. Rad1 Rfe8 19. Nb5 Bc6 20. Nd4 Bb7 21. Re3 Qe5 22. Qd2 Qe7 23. Rde1 Ne6 24. Nb5 Bc6 25. Nc3 Nc5 26. Nd5 Bxd5 27. exd5 Qf8 28. b4 Nd7 29. Bh3 Nf6 30. Qd4 Qg7 31. Bf1 axb4 32. axb4 Rxe3 33. Rxe3 Re8 34. Rxe8+ Nxe8 35. Qe3 Kf8 36. c5 bxc5 37. bxc5 Qe5 38. Qh6+ Qg7 39. Qc1 Qd4 40. cxd6 cxd6 41. Bg2 Kg7 42. h4 Nf6 43. Qc7 Qe5 44. Qc4 Qe1+ 45. Bf1 Qe5 46. Bg2 Qe1+ 47. Bf1 Qe5 48. Bg2 1/2-1/2

[Event "Titled Tuesday intern op 11th Mar Late"]
[Site "Chess.com INT"]
[Date "2025.03.11"]
[Round "2"]
[White "Sukandar, Irine Kharisma"]
[Black "Habiaga, Raul Adrian"]
[Result "1-0"]
[WhiteElo "2330"]
[BlackElo "1984"]
[PlyCount "63"]
[EventDate "2025.03.11"]
[EventType "swiss (blitz)"]
[EventRounds "11"]
[EventCountry "USA"]
[SourceTitle "CB12_2025"]
[SourceDate "2025.03.19"]
[SourceVersion "1"]
[SourceVersionDate "2025.03.19"]
[SourceQuality "1"]

1. d4 d5 2. Nf3 Nf6 3. b3 Bf5 4. Bb2 c6 5. e3 e6 6. Bd3 Bg6 7. 0-0 Nbd7 8. c4 Be7 9. Nc3 0-0 10. Re1 Ne4 11. Bxe4 dxe4 12. Nd2 Bb4 13. a3 Bxc3 14. Bxc3 Nf6 15. b4 b5 16. Rc1 bxc4 17. Nxc4 Nd5 18. Ne5 Nxc3 19. Rxc3 a5 20. Nxc6 Qc7 21. b5 a4 22. Qc2 Qb6 23. Rc5 Kh8 24. h3 f5 25. Ne5 Be8 26. Nc4 Qd8 27. Rb1 Bh5 28. Nd2 Be2 29. Nxe4 Bf3 30. gxf3 fxe4 31. Qxe4 Qg5+ 32. Rxg5 1-0

[Event "Wch Blitz (Women)"]
[Site "New York"]
[Date "2024.12.30"]
[Round "1"]
[White "Sukandar, Irine Kharisma"]
[Black "Belenkaya, Dina"]
[Result "1-0"]
[WhiteElo "2330"]
[BlackElo "2155"]
[PlyCount "75"]
[EventDate "2024.12.30"]
[EventType "swiss (blitz)"]
[EventRounds "11"]
[EventCountry "USA"]
[SourceTitle "CB01_2025"]
[SourceDate "2025.01.01"]
[SourceVersion "1"]
[SourceVersionDate "2025.01.01"]
[SourceQuality "1"]

1. Nf3 d5 2. b3 Nf6 3. Bb2 e6 4. e3 Be7 5. d4 0-0 6. Bd3 b6 7. 0-0 Bb7 8. Nbd2 Nbd7 9. Ne5 Ne4 10. Qe2 f6 11. Nxd7 Qxd7 12. Nxe4 dxe4 13. Ba6 Bxa6 14. Qxa6 Qd5 15. Qe2 Bd6 16. c4 Qg5 17. Rac1 Rad8 18. Rfd1 c6 19. g3 Bb8 20. a4 a6 21. c5 b5 22. axb5 axb5 23. Ra1 Qd5 24. Qc2 f5 25. Bc3 Rf6 26. Ra8 Rh6 27. Qa2 Rf8 28. b4 Qd7 29. Ra1 Qf7 30. Qe2 Rh3 31. R1a6 Qg6 32. Rb6 Bc7 33. Rxf8+ Kxf8 34. Rxc6 Bd8 35. d5 Qh6 36. Rxe6 Bf6 37. Qxb5 Qg6 38. Qb8+ 1-0

[Event "Wch Blitz (Women)"]
[Site "New York"]
[Date "2024.12.30"]
[Round "4"]
[White "Yu, Jennifer R"]
[Black "Sukandar, Irine Kharisma"]
[Result "1-0"]
[WhiteElo "2283"]
[BlackElo "2330"]
[PlyCount "135"]
[EventDate "2024.12.30"]
[EventType "swiss (blitz)"]
[EventRounds "11"]
[EventCountry "USA"]
[SourceTitle "CB01_2025"]
[SourceDate "2025.01.01"]
[SourceVersion "1"]
[SourceVersionDate "2025.01.01"]
[SourceQuality "1"]

1. c4 e6 2. Nc3 d5 3. e3 Nf6 4. Nf3 Be7 5. b3 0-0 6. Bb2 c5 7. cxd5 Nxd5 8. Qc2 Nc6 9. a3 b6 10. h4 f5 11. Bb5 Bb7 12. Bxc6 Bxc6 13. Ne5 Bb7 14. h5 Bf6 15. Ne2 Qc7 16. f4 Ne7 17. Rg1 Nc6 18. Nc4 b5 19. Bxf6 Rxf6 20. Nb2 Qd6 21. g4 e5 22. gxf5 exf4 23. Nxf4 Ne5 24. 0-0-0 c4 25. b4 Rc8 26. Kb1 Nd3 27. Nbxd3 cxd3 28. Qb3+ Kh8 29. Rc1 Rxc1+ 30. Rxc1 Rxf5 31. Qc3 Rf6 32. Qc7 Qxc7 33. Rxc7 Ba6 34. Rxa7 g5 35. hxg6 hxg6 36. Nd5 Rd6 37. Nf4 g5 38. Nh5 g4 39. e4 Rh6 40. Ng3 Kg8 41. Kb2 Kf8 42. Kc3 Bc8 43. Ra8 Rc6+ 44. Kxd3 Kf7 45. Ke3 Be6 46. Ra7+ Kg6 47. Kf4 Rc1 48. Ra6 Kf7 49. Ke5 Bc4 50. Ra7+ Kg6 51. Nf5 Rd1 52. Rg7+ Kh5 53. d4 Re1 54. d5 Bd3 55. Nd6 Kh4 56. Kf4 Rf1+ 57. Ke3 Rf3+ 58. Kd4 g3 59. Nf5+ Rxf5 60. exf5 Bxf5 61. Ke3 Bg4 62. Rh7+ Kg5 63. Rh1 Kf5 64. Rg1 Ke5 65. Rxg3 Bf5 66. Rg5 Kf6 67. Rxf5+ Kxf5 68. Kd4 1-0

[Event "Wch Rapid (Women)"]
[Site "New York"]
[Date "2024.12.28"]
[Round "11"]
[White "Sukandar, Irine Kharisma"]
[Black "Koneru, Humpy"]
[Result "0-1"]
[WhiteElo "2354"]
[BlackElo "2431"]
[PlyCount "134"]
[EventDate "2024.12.26"]
[EventType "swiss (rapid)"]
[EventRounds "11"]
[EventCountry "USA"]
[SourceTitle "CB01_2025"]
[SourceDate "2025.01.01"]
[SourceVersion "1"]
[SourceVersionDate "2025.01.01"]
[SourceQuality "1"]

1. e4 e5 2. Nf3 Nc6 3. Bc4 Bc5 4. d3 h6 5. a4 Nf6 6. Be3 Bxe3 7. fxe3 d6 8. 0-0 Be6 9. Nbd2 0-0 10. Qe1 Nb4 11. Rc1 c6 12. Kh1 d5 13. Bb3 dxe4 14. Nxe4 Nxd3 15. cxd3 Bxb3 16. Nc5 Be6 17. Nxe5 Qe7 18. Qh4 Rfe8 19. d4 Ng4 20. Qxe7 Rxe7 21. Nxg4 Bxg4 22. Rfe1 Rae8 23. Rc3 Rd8 24. h3 Bc8 25. Nd3 Bf5 26. Kg1 Bxd3 27. Rxd3 f5 28. Rc1 f4 29. exf4 Re4 30. Rcd1 Rxf4 31. b3 Rd5 32. g3 Rf7 33. b4 a5 34. bxa5 Rxa5 35. d5 cxd5 36. Rd4 Rf3 37. Kg2 Ra3 38. Rb1 R3xa4 39. Rxa4 Rxa4 40. Rxb7 Rd4 41. Kf3 Kh7 42. Ke3 Re4+ 43. Kf3 Kg6 44. Rd7 Re5 45. Rd6+ Kf5 46. Rd7 Kf6 47. g4 h5 48. Kf4 g5+ 49. Kf3 h4 50. Rd6+ Ke7 51. Ra6 Re6 52. Ra7+ Kd6 53. Ra6+ Ke5 54. Ra5 Rb6 55. Ra3 Kd4 56. Ra4+ Kc3 57. Ra5 Rf6+ 58. Ke2 Re6+ 59. Kf2 Re5 60. Rc5+ Kb4 61. Rc8 d4 62. Rb8+ Kc3 63. Rc8+ Kd2 64. Ra8 d3 65. Ra2+ Kc3 66. Ra3+ Kc2 67. Ra2+ Kb3 0-1

[Event "Wch Rapid (Women)"]
[Site "New York"]
[Date "2024.12.27"]
[Round "5"]
[White "Sukandar, Irine Kharisma"]
[Black "Fataliyeva, Ulviyya Hasil Qizi"]
[Result "1-0"]
[WhiteElo "2354"]
[BlackElo "2237"]
[PlyCount "79"]
[EventDate "2024.12.26"]
[EventType "swiss (rapid)"]
[EventRounds "11"]
[EventCountry "USA"]
[SourceTitle "CB01_2025"]
[SourceDate "2025.01.01"]
[SourceVersion "1"]
[SourceVersionDate "2025.01.01"]
[SourceQuality "1"]

1. e4 e5 2. Nf3 Nc6 3. Bc4 Nf6 4. d3 Bc5 5. a4 d6 6. 0-0 0-0 7. Be3 Bxe3 8. fxe3 Ne7 9. Nh4 c6 10. Bb3 d5 11. Nd2 Ng4 12. Qf3 f5 13. h3 Nh6 14. Qg3 Qc7 15. Rf2 Bd7 16. Raf1 Kh8 17. Qg5 Neg8 18. exf5 Nf6 19. e4 Qb6 20. Nhf3 Nf7 21. Qh4 Rae8 22. Kh1 Nd6 23. Re2 Bxf5 24. exf5 Nxf5 25. Qg5 Nh5 26. Kh2 Nhg3 27. Rfe1 Nxe2 28. Rxe2 Qc7 29. Kg1 e4 30. dxe4 Ng3 31. Re1 dxe4 32. Nd4 Qb6 33. Qe3 Nh5 34. Ne6 Qxe3+ 35. Rxe3 Rf6 36. Rxe4 Ng3 37. Re5 h6 38. Nf3 Nf5 39. Re1 Kh7 40. Neg5+ 1-0

[Event "Titled Tuesday intern op 03rd Sep Early"]
[Site "Chess.com INT"]
[Date "2024.09.03"]
[Round "7"]
[White "Sukandar, Irine Kharisma"]
[Black "Myagmarsuren, Evsuld"]
[Result "1-0"]
[WhiteElo "2330"]
[BlackElo "2149"]
[PlyCount "49"]
[EventDate "2024.09.03"]
[EventType "swiss (blitz)"]
[EventRounds "11"]
[EventCountry "USA"]
[SourceTitle "EXT 2025"]
[Source "ChessBase"]
[SourceDate "2024.10.14"]
[SourceVersion "1"]
[SourceVersionDate "2024.10.14"]
[SourceQuality "1"]

1. Nf3 c5 2. b3 Nc6 3. Bb2 Nf6 4. e3 d5 5. d4 e6 6. Nbd2 b6 7. Bb5 Bd7 8. 0-0 Bd6 9. c4 0-0 10. dxc5 Bxc5 11. cxd5 Nxd5 12. Ne4 Be7 13. Rc1 Rc8 14. Qe2 Ncb4 15. a3 Nc6 16. Ba6 Rc7 17. b4 Nb8 18. Bd3 Rxc1 19. Rxc1 Nf6 20. Ne5 Nxe4 21. Bxe4 Ba4 22. Qh5 g6 23. Nxg6 fxg6 24. Bxg6 hxg6 25. Qxg6# 1-0

[Event "Titled Tuesday intern op 30th Jul Early"]
[Site "Chess.com INT"]
[Date "2024.07.30"]
[Round "3"]
[White "Sukandar, Irine Kharisma"]
[Black "Korshunov, Sergey And"]
[Result "0-1"]
[WhiteElo "2338"]
[BlackElo "2361"]
[PlyCount "94"]
[EventDate "2024.07.30"]
[EventType "swiss (blitz)"]
[EventRounds "11"]
[EventCountry "USA"]
[SourceTitle "EXT 2025"]
[Source "ChessBase"]
[SourceDate "2024.10.14"]
[SourceVersion "1"]
[SourceVersionDate "2024.10.14"]
[SourceQuality "1"]

1. Nf3 Nf6 2. c4 c5 3. b3 Nc6 4. Bb2 d6 5. g3 e5 6. d3 Be7 7. Bg2 0-0 8. 0-0 h6 9. Nc3 Be6 10. Rc1 Qd7 11. Ne1 Bh3 12. Nc2 Bxg2 13. Kxg2 Nd4 14. Nxd4 exd4 15. Ne4 Qc6 16. f3 Rae8 17. b4 Nxe4 18. dxe4 Bg5 19. Rc2 f5 20. b5 Qd7 21. exf5 Rxf5 22. Qd3 Rfe5 23. f4 Re3 24. Qg6 Rxe2+ 25. Rf2 Rxf2+ 26. Rxf2 Bf6 27. f5 Qf7 28. Qg4 Qxc4 29. Qh5 Qd5+ 30. Kh3 Qf7 31. Qg4 d5 32. Bc1 Re4 33. Bf4 d3 34. Qd1 c4 35. Qa4 b6 36. Kg2 Qe7 37. Qa6 Re2 38. Qc8+ Kh7 39. Rxe2 dxe2 40. Bd2 e1Q 41. Bxe1 Qxe1 42. Qd7 Qe4+ 43. Kh3 c3 44. Qc8 c2 45. a4 d4 46. a5 d3 47. axb6 axb6 0-1

[Event "Titled Tuesday intern op 30th Jul Early"]
[Site "Chess.com INT"]
[Date "2024.07.30"]
[Round "5"]
[White "Sukandar, Irine Kharisma"]
[Black "Nitish, Belurkar"]
[Result "0-1"]
[WhiteElo "2338"]
[BlackElo "2442"]
[PlyCount "54"]
[EventDate "2024.07.30"]
[EventType "swiss (blitz)"]
[EventRounds "11"]
[EventCountry "USA"]
[SourceTitle "EXT 2025"]
[Source "ChessBase"]
[SourceDate "2024.10.14"]
[SourceVersion "1"]
[SourceVersionDate "2024.10.14"]
[SourceQuality "1"]

1. Nf3 Nf6 2. c4 g6 3. b3 Bg7 4. Bb2 0-0 5. h4 d6 6. Qc2 e5 7. e3 Nc6 8. Be2 Bf5 9. d3 d5 10. cxd5 Nxd5 11. a3 Re8 12. e4 Nf4 13. exf5 Nd4 14. Bxd4 exd4 15. Ng1 Qd5 16. Rh2 Rxe2+ 17. Nxe2 Re8 18. Ra2 Rxe2+ 19. Qxe2 Nxe2 20. Rxe2 Qxb3 21. Nd2 Qxa3 22. Re8+ Bf8 23. Rh3 Kg7 24. h5 Bb4 25. fxg6 Qc1+ 26. Ke2 Qxd2+ 27. Kf3 fxg6 0-1

[Event "Titled Tuesday intern op 30th Jul Early"]
[Site "Chess.com INT"]
[Date "2024.07.30"]
[Round "6"]
[White "Tamer Wahba, Fared"]
[Black "Sukandar, Irine Kharisma"]
[Result "0-1"]
[WhiteElo "2122"]
[BlackElo "2338"]
[PlyCount "112"]
[EventDate "2024.07.30"]
[EventType "swiss (blitz)"]
[EventRounds "11"]
[EventCountry "USA"]
[SourceTitle "EXT 2025"]
[Source "ChessBase"]
[SourceDate "2024.10.14"]
[SourceVersion "1"]
[SourceVersionDate "2024.10.14"]
[SourceQuality "1"]

1. e4 c5 2. c3 e5 3. Nf3 Nc6 4. Bb5 Nf6 5. d3 Bd6 6. 0-0 0-0 7. Re1 Re8 8. Nbd2 a6 9. Ba4 Ne7 10. Nf1 Ng6 11. Ng3 Bf8 12. Be3 b5 13. Bb3 d5 14. exd5 Nxd5 15. Bg5 f6 16. Bd2 Be6 17. d4 c4 18. Bc2 exd4 19. Nxd4 Bf7 20. Rxe8 Qxe8 21. Qg4 Rd8 22. Re1 Qd7 23. Qxd7 Rxd7 24. Bf5 Rd8 25. Ne4 Ne5 26. Ng3 g6 27. Bb1 Bc5 28. Ne4 Bxd4 29. cxd4 Nc6 30. Bc3 b4 31. Bd2 Nxd4 32. Kf1 Kg7 33. Be3 Nxe3+ 34. Rxe3 Nf5 35. Re1 a5 36. g4 Nd4 37. h3 a4 38. Rc1 Nf3 39. Ke2 Nd4+ 40. Kf1 f5 41. gxf5 gxf5 42. Nd2 Rc8 43. Ke1 c3 44. bxc3 bxc3 45. Kd1 Bh5+ 46. f3 Rc6 47. Bd3 cxd2 48. Rxc6 Bxf3+ 49. Kxd2 Nxc6 50. Bxf5 h6 51. Kc3 Bd5 52. Bd7 Kf6 53. Kb2 Ke5 54. Ka3 Nd4 55. Kxa4 Bxa2 56. Kb4 Be6 0-1

[Event "Titled Tuesday intern op 30th Jul Early"]
[Site "Chess.com INT"]
[Date "2024.07.30"]
[Round "7"]
[White "Wu, Derek"]
[Black "Sukandar, Irine Kharisma"]
[Result "0-1"]
[WhiteElo "2278"]
[BlackElo "2338"]
[PlyCount "98"]
[EventDate "2024.07.30"]
[EventType "swiss (blitz)"]
[EventRounds "11"]
[EventCountry "USA"]
[SourceTitle "EXT 2025"]
[Source "ChessBase"]
[SourceDate "2024.10.14"]
[SourceVersion "1"]
[SourceVersionDate "2024.10.14"]
[SourceQuality "1"]

1. d4 Nf6 2. Bg5 Ne4 3. Bf4 d5 4. f3 Nf6 5. e4 dxe4 6. Nc3 e3 7. Qd3 g6 8. Qxe3 Bg7 9. 0-0-0 0-0 10. h4 Nd5 11. Nxd5 Qxd5 12. Kb1 Be6 13. c4 Qa5 14. g4 Qa4 15. Qb3 Qxb3 16. axb3 Na6 17. Ne2 Rfd8 18. Be3 Nb4 19. Nf4 Bd7 20. d5 a5 21. h5 g5 22. Nd3 h6 23. Nxb4 axb4 24. Bc5 f5 25. Rg1 e6 26. Bxb4 exd5 27. cxd5 fxg4 28. fxg4 Re8 29. Bc4 Kh8 30. d6 c6 31. Rde1 b5 32. Bf7 Rxe1+ 33. Bxe1 Rf8 34. Bg6 Rf4 35. Bc3 b4 36. Bxg7+ Kxg7 37. Re1 Bxg4 38. Re7+ Kf6 39. Rc7 Rd4 40. Rxc6 Bd7 41. Rb6 g4 42. Rb8 g3 43. Rf8+ Ke5 44. Rg8 Rg4 45. Rd8 g2 46. Rxd7 g1Q+ 47. Ka2 Qb6 48. Kb1 Rg1+ 49. Kc2 Qc6+ 0-1

[Event "Biel HTO 57th"]
[Site "Biel"]
[Date "2024.07.23"]
[Round "8"]
[White "Ohler, Julius"]
[Black "Sukandar, Irine Kharisma"]
[Result "1-0"]
[WhiteElo "2188"]
[BlackElo "2338"]
[PlyCount "69"]
[EventDate "2024.07.15"]
[EventType "swiss"]
[EventRounds "10"]
[EventCountry "SUI"]
[SourceTitle "CBM 221"]
[Source "ChessBase"]
[SourceDate "2024.08.31"]
[SourceVersion "1"]
[SourceVersionDate "2024.08.31"]
[SourceQuality "1"]

1. c4 e6 2. Nf3 d5 3. g3 d4 4. Bg2 Nc6 5. 0-0 Nh6 6. e3 Nf5 7. e4 Nfe7 8. d3 Ng6 9. Na3 h5 10. h4 e5 11. Nc2 Bg4 12. Qe1 Qd7 13. b4 a5 14. b5 Nd8 15. Nh2 Bh3 16. Rb1 b6 17. f4 Bxg2 18. Kxg2 exf4 19. Bxf4 Ne6 20. Bc1 Ne5 21. Qe2 g6 22. Ne1 0-0-0 23. Nef3 Nxf3 24. Nxf3 Re8 25. Ne5 Qe7 26. Rxf7 Qd6 27. Nc6 Bg7 28. e5 Qc5 29. Rb3 a4 30. Ba3 axb3 31. Bxc5 bxc5 32. axb3 Rhf8 33. Rxf8 Nxf8 34. Qf3 Nd7 35. Qf7 1-0

[Event "Biel HTO 57th"]
[Site "Biel"]
[Date "2024.07.22"]
[Round "7"]
[White "Sukandar, Irine Kharisma"]
[Black "Ganguly, Surya Shekhar"]
[Result "0-1"]
[WhiteElo "2338"]
[BlackElo "2592"]
[PlyCount "94"]
[EventDate "2024.07.15"]
[EventType "swiss"]
[EventRounds "10"]
[EventCountry "SUI"]
[SourceTitle "CBM 221"]
[Source "ChessBase"]
[SourceDate "2024.08.31"]
[SourceVersion "1"]
[SourceVersionDate "2024.08.31"]
[SourceQuality "1"]

1. e4 e5 2. Nf3 Nc6 3. d4 exd4 4. Nxd4 Bc5 5. Nb3 Bb6 6. Qe2 d6 7. Nc3 a5 8. a4 Nb4 9. Bf4 Qf6 10. Qd2 Ne7 11. 0-0-0 Be6 12. f3 h6 13. h4 0-0-0 14. h5 Bxb3 15. cxb3 d5 16. g3 dxe4 17. Bh3+ Nf5 18. Qe2 Kb8 19. Bxf5 Qxf5 20. fxe4 Qe6 21. Rxd8+ Rxd8 22. Rd1 Rxd1+ 23. Qxd1 Kc8 24. Kb1 Bc5 25. Qe2 Bd4 26. Nb5 Be5 27. Bxe5 Qxe5 28. Qf3 Kd8 29. Nc3 Qd4 30. Kc1 Nd3+ 31. Kb1 Qg1+ 32. Nd1 Ne5 33. Qe2 Qxg3 34. Ne3 Kc8 35. Qb5 Nc6 36. Qf5+ Kb8 37. Nd5 Qxb3 38. Qxf7 Qd1+ 39. Ka2 Qxa4+ 40. Kb1 Qxe4+ 41. Kc1 Qc4+ 42. Kb1 Ka7 43. Qf2+ Qd4 44. Qf3 Ne5 45. Qg2 c6 46. Nc3 Nd3 47. Ka2 Qf2 0-1

[Event "Biel HTO 57th"]
[Site "Biel"]
[Date "2024.07.20"]
[Round "6"]
[White "Smirnov, Mark"]
[Black "Sukandar, Irine Kharisma"]
[Result "1/2-1/2"]
[WhiteElo "2111"]
[BlackElo "2338"]
[PlyCount "99"]
[EventDate "2024.07.15"]
[EventType "swiss"]
[EventRounds "10"]
[EventCountry "SUI"]
[SourceTitle "CBM 221"]
[Source "ChessBase"]
[SourceDate "2024.08.31"]
[SourceVersion "1"]
[SourceVersionDate "2024.08.31"]
[SourceQuality "1"]

1. e4 e5 2. Nf3 Nc6 3. Bb5 Nge7 4. 0-0 a6 5. Ba4 g6 6. c3 Bg7 7. d4 b5 8. Bb3 d6 9. Be3 0-0 10. dxe5 dxe5 11. Bc5 Bb7 12. Bd5 Bf6 13. a4 Re8 14. Bxe7 Qxe7 15. Na3 Rad8 16. Qe2 b4 17. Nc2 bxc3 18. bxc3 Qc5 19. Nb4 Nxb4 20. cxb4 Qb6 21. Bxb7 Qxb7 22. b5 Re6 23. Rfc1 axb5 24. axb5 Red6 25. Rc3 Bg7 26. h3 R6d7 27. Qc4 Qb6 28. Qc6 Qb8 29. Rca3 Rd6 30. Ra8 Rxc6 31. Rxb8 Rxb8 32. bxc6 f5 33. Ra7 fxe4 34. Ng5 e3 35. fxe3 Bh6 36. h4 Rc8 37. Kf2 Bxg5 38. hxg5 Kf7 39. Kf3 Ke6 40. Ke4 Kd6 41. Ra1 Rb8 42. Rh1 Rb4+ 43. Kf3 Rc4 44. Rxh7 Rxc6 45. Rg7 Kd5 46. e4+ Kc5 47. Re7 Kd6 48. Rg7 Kc5 49. Re7 Kd6 50. Rg7 1/2-1/2